000 00449 a2200145 4500
999 _c2996
_d2996
020 _a9781847426642
050 _aHQ 1075.5 GIL 2012
100 _aPascall, Gillian
_eauthor
245 _a Gender equality in the welfare state? /
_cGillian Pascall
264 _aBristol, UK :
_bPolicy press,
_c2012
300 _ax, 194p.
_bill.
500 _aincludes bibliographical references and index
650 _aWelfare state
942 _2lcc
_cBK
_h1075.5
_iGIL
_kHQ